LEADER 01074nam a2200265 i 4500 001 000000105725 003 CaOOAMICUS 005 20030206000000.0 008 030206s1982 it u000 u ita u 013 $a77919 020 $a8801157371 040 $aSeMil$bita 100 1 $aVernette, Jean.$0(OLS)http://semarc/name/6585 245 10$aSaranno cristiani? :$bprospettive catecumenali /$cJean Vernette ; Henri Bourgeois. 260 $aLeumann (Torino) :$bElle Di Ci,$c1982. 300 $a256 p. ;$c30 cm. 500 $aRiproduzione fotostatica. 650 4$aCatecumenato.$0(OLS)http://semarc/subject/2199 700 1 $aBourgeois, Henri,$d<1934-2001>.$0(OLS)http://semarc/name/6889 850 $aSeMil 852 $aSeMil$W1$xVenegono$y1$m6X III 11$j61887$B61887$CSeMilBibl$Z2$F73962 $8B 961 $aOmaggio: Bagatin Luca 996 $6020$a8801157371$9(OLS)http://semarc/number/85925 996 $6245$aSaranno cristiani? :$bprospettive catecumenali$9(OLS)http://semarc/title/153105 996 $6260$aLeumann (Torino) :$bElle Di Ci$9(OLS)http://semarc/publisher/29809 LEADER 01328nam a2200277 4500 001 000000347332 003 CaOOAMICUS 005 20210819143529.0 008 210819s1980 fr 000 u fre r 020 $a2-85121-031-9 040 $aSeMil$bita 100 1 $aBurns, James Patout,$d<1939- >.$0(OLS)http://semarc/name/114435 245 14$aThe development of Augustine's doctrine of operative grace /$cJ. Patout Burns. 264 1$aParis :$bÉtudes Augustiniennes,$c1980. 300 $a190 p. ;$c25 cm 490 1 $aÉtudes augustiniennes. Série Antiquité ;$v82 600 04$aAgostino, Aurelio .$0(OLS)http://semarc/subject/1856 650 4$aAgostino, Aurelio - Dottrina della grazia.$0(OLS)http://semarc/subject/9382 650 4$aGrazia - Teologia.$0(OLS)http://semarc/subject/49631 830 0$aÉtudes augustiniennes. Antiquité ;$v82.$0(OLS)http://semarc/title/148088 850 $aSeMil 852 $aSeMil$W1$xVenegono$y1$m2T V 24$j228039$B238398$CSeMilBibl$Z2$F238398 $81 996 $6020$a2-85121-031-9$9(OLS)http://semarc/number/293854 996 $6245$aThe development of Augustine's doctrine of operative grace$9(OLS)http://semarc/title/436599 996 $6264$aParis :$bÉtudes Augustiniennes$9(OLS)http://semarc/publisher/30131